000
00243nam a2200109Ia 4500
005
20251222154344.0
008
251222s9999||||xx |||||||||||||| ||spa||
020
_a
1-56027-409-3
082
_a
629.13/A79
245
0
_a
Far/Amt 2001
942
_c
LIB
999
_c
34638
_d
34638